| 000 | 00442nam a2200169Ia 4500 | ||
|---|---|---|---|
| 008 | 130318s9999 xx 000 0 und d | ||
| 020 | _a9812403760 | ||
| 082 | _a006.32 HAG/N | ||
| 100 | _aHagan, Martin T | ||
| 245 | _aNeural network design | ||
| 260 |
_bVikas Publishing House _aNew Delhi _c1999 |
||
| 300 | _a842 | ||
| 650 | _aARTIFICIAL INTELLIGENCE | ||
| 650 | _aNEURAL NETWORKS | ||
| 700 | _aBeale, Mark | ||
| 700 | _aDemuth, Howard B | ||
| 999 |
_c414 _d414 |
||